000 00952cam a2200265 i 4500
001 1693
003 BD-RjUL
005 20211208233406.0
008 131208s1956 stk b 101 0 eng
035 _a(BD-RjUL)
040 _aDLC
_cDLC
_dDLC
_beng
041 _aeng
082 0 0 _a192
100 _aHume, David
_95929
245 0 0 _aThe natural history of religion /
_cDavid Hume ;edited with an introduction by H. E. Root
260 _aLondon :
_bAdam & Charles Black,
_cc1956
300 _a76 p. ;
_c23 cm.
500 _aA selection of papers read at a conference sponsored by the University of Edinburgh's Institute for Advanced Studies in the Humanities, 9th-14th August 1976 to commemorate the bicentenary of the death of David Hume.
504 _aIncludes bibliographical references and index.
650 _aReligion
_xPhilosophy.
_94031
700 1 _d1711-1776.
_95609
942 _2ddc
_cBK
999 _c1693
_d1693